000 00368nam a2200145Ia 4500
008 220803s9999 xx 000 0 und d
020 _a9781859465417
041 _aeng
082 _a720 GAR
100 _aGarvey F
_925800
245 _aArchitecture Guide To Public Procurement
260 _aUnited Kingdom
_bRIBA Publishing
_c2015
300 _a198p
500 _aARCHI
999 _c16531
_d16531